| 000 | 00978nam a2200265 i 4500 | ||
|---|---|---|---|
| 001 | 110855 | ||
| 003 | ES-MaACL | ||
| 005 | 20260127062541.0 | ||
| 007 | t| | ||
| 008 | 070201s1921 sp ||||1| spa d | ||
| 080 | _a340.1 | ||
| 100 | 1 |
_aBenito y Endara, Lorenzo, _d1855-1932 _927698 |
|
| 245 | 1 | 0 |
_aLeyes y Legisladores o la gran ficción constitucional _b: Conferencia / _cLorenzo Benito Endara. |
| 260 |
_aMadrid : _bReus, _c1921. |
||
| 300 |
_a56 p. ; _c18 cm. |
||
| 490 | 1 |
_aPublicaciones de la Real Academia de Jurisprudencia y Legislación ; _v35 |
|
| 500 | _aSesión del día 16 de Febrero de 1921. | ||
| 650 | 1 | 7 |
_aDerecho _2embne _911602 |
| 650 | 4 |
_aDerecho- _xFilosofía _911620 |
|
| 650 | 1 | 7 |
_aDerecho público _2embne _911763 |
| 700 |
_aReal Academia de Jurisprudencia y Legislación de España _9217612 |
||
| 830 | 0 |
_aPublicaciones de la Real Academia de Jurisprudencia y Legislación ; _v35 _9180630 |
|
| 852 |
_aES-MaACL _jL-5203 |
||
| 999 |
_c110855 _d110855 |
||